Statistics for Taylor Swift (From The Vault) Songs

Click here to take the quiz!

General Stats

  • This quiz has been taken 88 times
  • The average score is 22 of 26

Answer Stats

HintAnswer% Correct
Speak NowI Can See You
97%
1989Say Don't Go
97%
1989Suburban Legends
97%
1989Is It Over Now?
96%
1989"Slut!"
96%
Speak NowCastles Crumbling
94%
1989Now That We Don't Talk
94%
FearlessThat's When
93%
RedI Bet You Think About Me
91%
Speak NowTimeless
91%
Speak NowWhen Emma Falls In Love
91%
RedAll Too Well (10 Minute Version)
88%
Speak NowElectric Touch
88%
FearlessMr Perfectly Fine
88%
Speak NowFoolish One
87%
FearlessDon't You
83%
RedRun
81%
FearlessYou All Over Me
81%
RedForever Winter
80%
RedBetter Man
78%
RedThe Very First Night
78%
RedBabe
77%
RedMessage In A Bottle
77%
RedNothing New
77%
FearlessBye Bye Baby
72%
FearlessWe Were Happy
64%

Score Distribution

Percentile by Number Answered

Percent of People with Each Score

Your Score History

You have not taken this quiz